|
|
|
|
| LEADER |
00000nam0a2200000 4500 |
| 001 |
228286 |
| 005 |
20231101230849.0 |
| 010 |
|
|
|a 9875903034345
|
| 035 |
|
|
|a (RuTPU)RU\TPU\book\248744
|
| 035 |
|
|
|a RU\TPU\book\121106
|
| 090 |
|
|
|a 228286
|
| 100 |
|
|
|a 20121218d2013 m y0rusy50 ca
|
| 101 |
0 |
|
|a rus
|
| 102 |
|
|
|a RU
|
| 105 |
|
|
|a a j 001zy
|
| 200 |
1 |
|
|a Промышленная электроника: учебник для вузов/ Ю. С. Забродин
|e учебник для вузов
|f Ю. С. Забродин
|
| 205 |
|
|
|a 2-е изд., стер.
|
| 210 |
|
|
|a Москва
|c Альянс
|d 2013
|
| 215 |
|
|
|a 496 с.
|c ил.
|
| 320 |
|
|
|a Библиогр.: с. 486-488.
|
| 320 |
|
|
|a Предметный указатель: с. 489-494.
|
| 330 |
|
|
|a В книге рассматриваются принцип действия полупроводниковых приборов, транзисторных усилителей и интегральных схем импульсной и цифровой техники; выпрямители, инверторы, преобразователи частоты и т. д. Предназначается для студентов энергетических и электромеханических специальностей.
|
| 451 |
|
1 |
|0 (RuTPU)RU\TPU\book\33563
|t Промышленная электроника
|o учебное пособие
|f Ю. С. Забродин
|c М.
|n Высшая школа
|d 1982
|p 496 с.
|a Забродин, Юрий Сергеевич
|
| 606 |
1 |
|
|a Промышленная электроника
|2 stltpush
|3 (RuTPU)RU\TPU\subj\52250
|9 70736
|
| 610 |
1 |
|
|a полупроводники
|
| 610 |
1 |
|
|a полупроводниковые приборы
|
| 610 |
1 |
|
|a усилители
|
| 610 |
1 |
|
|a импульсная техника
|
| 610 |
1 |
|
|a цифровая техника
|
| 610 |
1 |
|
|a индикаторные приборы
|
| 610 |
1 |
|
|a применение
|
| 610 |
1 |
|
|a выпрямители малой мощности
|
| 610 |
1 |
|
|a маломощные выпрямители
|
| 610 |
1 |
|
|a импульсные преобразователи
|
| 610 |
1 |
|
|a управляемые выпрямители
|
| 610 |
1 |
|
|a автономные инверторы
|
| 610 |
1 |
|
|a учебники
|
| 675 |
|
|
|a 621.38(075.8)
|v 3
|
| 700 |
|
1 |
|a Забродин
|b Ю. С.
|g Юрий Сергеевич
|
| 801 |
|
1 |
|a RU
|b 63413507
|c 20070322
|g PSBO
|
| 801 |
|
2 |
|a RU
|b 63413507
|c 20140825
|g PSBO
|
| 900 |
|
|
|a Промышленная электроника, микропроцессорная техника
|
| 900 |
|
|
|a Электроника
|
| 900 |
|
|
|a Силовые преобразователи в электроснабжении
|
| 900 |
|
|
|a Силовые преобразователи в электроэнергетике
|
| 900 |
|
|
|a Электронные цепи и микросхемотехника
|
| 900 |
|
|
|a Твердотельная электроника
|
| 942 |
|
|
|c BK
|
| 952 |
|
|
|b 140200
|b 140601
|
| 959 |
|
|
|a 155/20121113
|d 20
|e 565,00
|f УФ:20
|
| 959 |
|
|
|a 86/20130422
|d 30
|e 615,00
|f УФ:30
|
| 959 |
|
|
|a 38/20140227
|d 30
|e 645,00
|f УФ:30
|